000 00649nam a22001695i 4500
001 161661
003 ES-MaACL
005 20251116063109.0
008 041022s1894 ag |||| | spa d
040 _aCAM
_bspa
_cCAM
100 1 _aPeña, David,
_d1862-1930
_990213
245 1 1 _a"Basta de Alberdi!"
_b: "nada benéfico ha dado al país" /
_crefutación por David Peña.
260 _aRosario de Santa-Fé :
_b[s.n.],
_c1894 (
_fTipografía Litrografía de La Capital)
300 _a36 p. ;
_c24 cm.
852 _aES-MaACL
_jT-845-F-10
_z-- Enc. hol. conservando la cub. original
_z-- Enc. en un vol. facticio
999 _c161661
_d161661